Cosmohombre : triálogos / (Registro nro. 31768)
[ vista simple ]
| 000 -CABECERA | |
|---|---|
| campo de control de longitud fija | 00639nam a2200169 a 4500 |
| 001 - NÚMERO DE CONTROL | |
| campo de control | 000032277 |
| 005 - FECHA Y HORA DE LA ÚLTIMA TRANSACCIÓN | |
| campo de control | 20250204073952.0 |
| 008 - DATOS DE LONGITUD FIJA--INFORMACIÓN GENERAL | |
| campo de control de longitud fija | 110714s1944 dr 000 0 spa d |
| 040 ## - FUENTE DE LA CATALOGACIÓN | |
| Centro catalogador/agencia de origen | DO-SdBNP |
| Lengua de catalogación | spa |
| Centro/agencia transcriptor | BNPHU |
| 082 ## - NÚMERO DE LA CLASIFICACIÓN DECIMAL DEWEY | |
| Número de clasificación | xxx |
| Número de documento/Ítem | M843c |
| 100 1# - ENTRADA PRINCIPAL--NOMBRE DE PERSONA | |
| Nombre de persona | Moreno Jimenes, Domingo, |
| Fechas asociadas al nombre | 1894-1986 |
| 9 (RLIN) | 19534 |
| 245 10 - MENCIÓN DE TÍTULO | |
| Título | Cosmohombre : triálogos / |
| Mención de responsabilidad, etc. | Domingo Moreno Jimenes, Alberto Baza Flores, Mariano Lebrón Saviñón. |
| 260 ## - PUBLICACIÓN, DISTRIBUCIÓN, ETC. | |
| Lugar de publicación, distribución, etc. | San Pedro de Macorís, República Dominicana : |
| Nombre del editor, distribuidor, etc. | Libreria Dominicana, |
| Fecha de publicación, distribución, etc. | 1944. |
| 300 ## - DESCRIPCIÓN FÍSICA | |
| Extensión | [16 p.] ; |
| Dimensiones | 20 cm. |
| 700 1# - PUNTO DE ACCESO ADICIONAL--NOMBRE DE PERSONA | |
| Nombre de persona | Baeza Flores, Alberto, |
| Fechas asociadas al nombre | 1914-1998 |
| 9 (RLIN) | 7565 |
| 700 1# - PUNTO DE ACCESO ADICIONAL--NOMBRE DE PERSONA | |
| Nombre de persona | Lebrón Saviñon, Mariano |
| Fechas asociadas al nombre | 1922-2014 |
| 9 (RLIN) | 7227 |
| Estado de retiro | Estado de pérdida | Restricciones de uso | No para préstamo | Código de colección | Localización permanente | Ubicación/localización actual | Ubicación en estantería | Fecha de adquisición | Número de inventario | Total de préstamos | Signatura topográfica completa | Código de barras | Fecha visto por última vez | Precio válido a partir de | Tipo de ítem Koha | Nota pública | Número de copia |
|---|---|---|---|---|---|---|---|---|---|---|---|---|---|---|---|---|---|
| Excluido de préstamo | Raros y valiosos | Patrimonio Dominicano | Patrimonio Dominicano | Depósito | 14.07.2011 | LF1 | xxx M843c | 32277-10 | 25.06.2020 | 25.06.2020 | No se presta | Perteneció a la biblioteca personal de Martínez Boog | |||||
| Extraviado | Excluido de préstamo | Raros y valiosos | Patrimonio Dominicano | Patrimonio Dominicano | Extraviado | 09.09.2011 | LF1 | xxx M843c | 32277-20 | 25.06.2020 | 25.06.2020 | No se presta | Perteneció a la biblioteca personal de Carlos Larrabazal Blanco. | e. 2 |
